000 00308nam a2200109 4500
008 b xx# fre u
040 _aLB-BrCRDP
082 1 _a745.59
_bLIV
245 1 3 _aLe livre des filles
_bActivité Bricolage Création
942 _cBK
999 _c10166
_d10166